Countries - All Heterograms - Statistics

General Stats
  • This quiz has been taken 1,974 times
  • The average score is 42 of 54
Answer Stats
Letters Continent Answer % Correct
5 Europe Spain
91%
6 Europe France
90%
6 Europe Norway
90%
4 South America Peru
90%
6 South America Brazil
89%
5 Asia China
88%
5 South America Chile
87%
7 Europe Germany
87%
6 North America Mexico
87%
7 Europe Ireland
86%
5 Europe Italy
86%
4 Asia Oman
86%
8 Europe Portugal
86%
6 Europe / Asia Turkey
86%
7 Europe Iceland
85%
4 Asia Iran
85%
4 Asia Iraq
85%
5 Africa Egypt
84%
4 Asia Laos
84%
6 Europe Poland
84%
4 North America Cuba
83%
7 Europe Denmark
81%
7 Europe Estonia
81%
11 Europe Switzerland
81%
7 Europe Belgium
80%
4 Africa Chad
80%
7 South America Ecuador
80%
8 South America Suriname
80%
7 Asia Vietnam
80%
6 Asia Israel
79%
4 Africa Mali
78%
7 Europe Hungary
77%
5 Africa Libya
77%
5 Asia Nepal
77%
6 Europe Serbia
77%
7 Europe Ukraine
77%
6 Asia Bhutan
76%
8 Europe Slovenia
76%
7 Europe Belarus
75%
5 Oceania Tonga
75%
6 Asia Jordan
74%
5 Asia Syria
74%
5 Africa Niger
73%
8 North America Honduras
72%
6 Asia Kuwait
71%
5 Africa Sudan
71%
6 Asia Cyprus
69%
5 Africa Kenya
69%
10 Asia Uzbekistan
66%
6 Asia Brunei
65%
5 Africa Gabon
62%
9 Asia Singapore
61%
6 Africa Guinea
59%
8 Asia Maldives
55%
No matching quizzes found
Score Distribution
Percent of People with Each Score
Percentile by Number Answered
Your Score History
You have not taken this quiz